Više odgovora nego pitanja.

Program konferencie v Zagrebe o privatizácii a reštrukturalizácii hospodárstva v krajinách východnej Európy. Názory západných ekonómov na modely privatizácie. Postoj zástupcu "Centra pre výskum hospodárstva komunistických krajín" v Londýne na program privatizácie v Juhoslávii. Všeobecne považujú for...

Ausführliche Beschreibung

Gespeichert in:
Bibliographische Detailangaben
1. Verfasser: Zmijarevic, D.
Format: Buchkapitel
Sprache:Serbisch
Schlagworte:
Tags: Tag hinzufügen
Keine Tags, Fügen Sie das erste Tag hinzu!

MARC

LEADER 00000naa a2200000 4500
001 r002963
005 20220819193123.0
041 0 |a srp 
044 |a [YU] 
245 1 0 |a Više odgovora nego pitanja.  |c D. Zmijarevic 
520 |a Program konferencie v Zagrebe o privatizácii a reštrukturalizácii hospodárstva v krajinách východnej Európy. Názory západných ekonómov na modely privatizácie. Postoj zástupcu "Centra pre výskum hospodárstva komunistických krajín" v Londýne na program privatizácie v Juhoslávii. Všeobecne považujú formu holdingových spoločnosti za najvhodnejšiu. 
610 2 0 |a privatizácia 
610 2 0 |a zmeny štruktúrne 
610 2 0 |a modely ekonomické 
610 2 0 |a spoločnosti holdingové 
610 2 0 |a SFRJ 
100 1 |a Zmijarevic, D.